01950nam a2200337 i 4500003000900000005001700009008004100026040004600067041000800113082002800121092000700149099003800156100006300194245028700257264008500544300003200629336002200661337002400683338003300707504006000740546011600800650006200916651001000978856005700988905000701045942001901052999001701071952017501088952017501263952017401438EG-GICUC20260121101511.0251216s2001    ua ||||f |||| 00| 0 ara d  a EG-GICUCbarac EG-GICUCd EG-GICUCerda  aara04221a343.6bس ل . أ04221  aLaw1 10	343.6 س ل . أ  2001 0 aسليمان عبد المنعم سليمانeمؤلف.10aأصول علم الإجرام القانوني :bإشكاليات تأصيل علم الإجرام - التحليل الوصفى لظاهرة الجريمة - التحليل التفسيري لعوامل الإجرام /cسليمان عبد المنعم سليمان. 1aالاسكندرية :bدار الجامعة الجديدة للنشر,c2001..  a؛  412 صفحة c24 سم.  2rda contentatext  2rda mediaaComputer  2rda carrieraOnline Resource  aيحتوي على ارجاعات ببليوجرافية  aالنص أغلبه باللغة العربية بعض النصوص الإنجليزية والفرنسية14aعلم الإجرامxالقانون الجنائي 1 2qrmak40uhttps://fll.law.cu.edu.eg/fulltext/bks/B10-07272.pdf  a75  2ddccBKe21n0  c50923d50923  00102ddc40718القانون الجنائيaCUbLAW1d2025-12-16l0oLaw1 10	343.6 س ل . أ  2001  1007272	C1pB10-07272r2025-12-16 16:59:00t1w2025-12-16yBK  00102ddc40708القانون الجنائيaCUbLAW1d2025-12-16l0oLaw1 10	343.6 س ل . أ  2001  1007273	C2pB10-07273r2025-12-16 16:59:00t2w2025-12-16yBK  00102ddc40708القانون الجنائيaCUbLAW1d2025-12-28l0oLaw2 10	343.6 س ل . أ 2001  1007339	C3pB10-07339r2025-12-28 16:17:30t3w2025-12-28yBK